La contestación de sí mismos (Registro nro. 142384)

Detalles MARC
000 -LEADER
campo de control de longitud fija 00552nam a2200169 i 4500
001 - NÚMERO DE CONTROL
campo de control 142384
003 - IDENTIFICADOR DE NÚMERO DE CONTROL
campo de control ES-MaACL
005 - FECHA Y HORA DE LA ÚLTIMA TRANSACCIÓN
campo de control 20230906200517.0
007 - CAMPO FIJO DE DESCRIPCIÓN FÍSICA--INFORMACIÓN GENERAL
campo de control de longitud fija t|
008 - DATOS DE LONGITUD FIJA--INFORMACIÓN GENERAL
campo de control de longitud fija 071004s1971 sp ||||1| spa d
100 1# - ENTRADA PRINCIPAL--NOMBRE DE PERSONA
Nombre de persona Wisdorf, Josef.
9 (RLIN) 117143
245 13 - MENCIÓN DEL TÍTULO
Título La contestación de sí mismos
Resto del título : (para los jóvenes de 15 a 20 años) /
Mención de responsabilidad, etc. Josef Wisdorf ; [traducción de Alejo Oria León].
260 ## - PUBLICACIÓN, DISTRIBUCIÓN, ETC.
Lugar de publicación, distribución, etc. Madrid :
Nombre del editor, distribuidor, etc. Ediciones Paulinas,
Fecha de publicación, distribución, etc. 1971.
300 ## - DESCRIPCIÓN FÍSICA
Extensión 214 p. ;
Dimensiones 18 cm.
700 1# - ENTRADA AGREGADA--NOMBRE PERSONAL
Nombre de persona Oria León, Alejo.
9 (RLIN) 87247
852 ## - LOCALIZACIÓN
Ubicación ES-MaACL
Número de control de estantería C-46494
Sublocalización o colección R.82322
Existencias
Estatus retirado Estado de pérdida Estado de daño No para préstamo Biblioteca de origen Biblioteca actual Ubicación en estantería Fecha de adquisición Fuente de adquisición Total de préstamos Signatura topográfica completa Código de barras Visto por última vez Precio de reemplazo Tipo de ítem Koha
        Biblioteca del Ateneo de Madrid Biblioteca del Ateneo de Madrid Depósito 2 17/01/2008     C-46494 1148150 23/02/2023 23/02/2023 Libro impreso